Statistics for Short Versions of Names #1

Click here to take the quiz!

General Stats

  • This quiz has been taken 31 times
  • The average score is 8 of 15

Answer Stats

Short nameOriginal name% Correct
GabeGabriel
100%
DrewAndrew
81%
FranFrances / Francesca
81%
StuStuart
81%
AbbieAbigail
77%
KenKenneth
73%
WesWesley
73%
MillieAmelia / Millicent / Mildred
54%
KurtConrad / Kurtis
42%
CindyCynthia
38%
RosieRosemary
27%
BuffyElizabeth
23%
BarneyBarnard / Barnett
19%
NancyAnn / Anne / Agnes
4%
BiddyBridget
4%

Score Distribution

Percentile by Number Answered

Percent of People with Each Score

Your Score History

You have not taken this quiz